00476nmm a2200169Ia 4500008004100000020001800041041000800059100002600067245002600093264005100119300001800170490002100188650002200209856005100231942000700282999001700289251105s9999||||xx |||||||||||||||||und|| a9788416523443 aspa aGil Soto, José Luis 0aLa traición del rey a[Madrid, España] :bKailas Editorial, c2016 a512 páginas aKailas Ficción aSpanish narrative uhttps://public.digitaliapublishing.com/a/87260 cCF c77862d77862